00681cam a22002057a 4500003000500000005001700005008004100022010000900063011000900072035000900081040000900090100003000099245013200129260004000261300001000301500001200311502009900323650002100422650003200443CHAP20220329133246.0971013s1991 r 00010 d a4036 a5008 a4214 cCHAP00aRamírez Rojas, Rosendo.13aEl ejido y la pequeña propiedadb: sus productividades comparadas en el municipio de Villa Corzo, Chiapas; un estudio de caso aChapingo, Méx. :bEl Autor,c1991 a60 h. aD52-116 aTesis (Ing. Agr. Esp. en Economía Agrícola) -- UACH. Departamento de Economía Agrícola14aEjidosxChiapas.14aTierrasxTenenciaxChiapas.